Actors/Characters with Shared Names #2 - Statistics

General Stats
  • This quiz has been taken 2,305 times
  • The average score is 10 of 16
Answer Stats
Picture Hint Answer % Correct
Miley Stewart
Hannah Montana
Miley Cyrus
95%
Kristen Tilson
Cold Creek Manor
Kristen Stewart
81%
Colin Ware
Hope Springs
Colin Firth
78%
Michael Chapman
Life with Mikey
Michael J. Fox
78%
Chuck Slaughter
Yellow Faced Tiger
Chuck Norris
76%
Sean O'Connell
The Secret Life of Walter Mitty
Sean Penn
76%
Billy Bob Davis
Hearts Afire
Billy Bob Thornton
68%
Michael Andropolis
Running
Michael Douglas
65%
Sally Burton
The Girl with Something Extra
Sally Field
62%
Michael Carter
Cold Case
Michael B. Jordan
61%
Mark
The Manhunter
Mark Hamill
60%
Denise Sorenson
Operation: Neighborhood Watch!
Denise Richards
49%
Ed Du Bois, III
Pain & Gain
Ed Harris
46%
Jerry Langford
The King of Comedy
Jerry Lewis
45%
Jennifer Blake
The Rocketeer
Jennifer Connelly
42%
Laura Marshall
Driving Lessons
Laura Linney
34%
No matching quizzes found
Score Distribution
Percent of People with Each Score
Percentile by Number Answered
Your Score History
You have not taken this quiz